00257nam a22001097a 4500020001500000082000800015100001800023245004600041250001200087260003900099300000900138 a0340776897 a150 aRichard Gross aPsychology a new introduction for A level a2nd ed. aLondonbHodder and Stoughtonc2004 a928p